La enseñanza del lenguaje

Salvato in:
Dettagli Bibliografici
Autore principale: Tirado Benedi, Domingo (Autore)
Natura: Libro
Lingua:spagnolo
Pubblicazione: Barcelona Labor 1937
Serie:El tesoro del maestro
Soggetti:
Tags: Aggiungi Tag
Nessun Tag, puoi essere il primo ad aggiungerne!!

MARC

LEADER 00000nam a2200000 a 4500
001 UCW6951
003 CL-VaPUC
008 920723e19370000SP |||||||||||||||||spa|d
082 0 4 |a 372.6  |b TIR  |2 21 
100 0 |a Tirado Benedi, Domingo  |e author  |9 312039 
245 1 3 |a La enseñanza del lenguaje 
300 |a v 
942 |c BK 
945 |d 19920723 00:00:00 
260 |a Barcelona  |b Labor  |c 1937 
650 7 |a ESPAÑOL ENSEÑANZA  |2 CL-VaPUC  |9 307658 
583 |a last modification  |c 19920723 00:00:00  |k Rodrigo Vera 
490 0 |a El tesoro del maestro 
999 |c 219846  |d 219844 
952 |0 0  |1 0  |4 0  |6 372_600000000000000_TIR_1937  |7 0  |8 P  |9 211242  |a BIBEDU  |b BIBEDU  |c BIBEDU_PB  |d 2019-11-15  |h v.2  |i 279490K  |o 372.6 TIR 1937  |p 279490K  |r 2024-01-25  |w 2019-11-15  |y BK  |k EDU